Statistics for Nicki Minaj Lyrics #1

Click here to take the quiz!

General Stats

  • This quiz has been taken 48 times
  • The average score is 7 of 15

Answer Stats

HintAnswer% Correct
Super BassAmerican
81%
Roman’s RevengeJasmine
76%
AnacondaRomaine
69%
Chun-Liwrench
69%
StarshipsOwe
67%
Ganja BurnBiggie
50%
I’m The Bestcouch
43%
Pound The Alarmguzzle
43%
Flylevitation
43%
Roman Holidayhyena
40%
Your LoveBruce Willis
38%
Bedrockbutton downs
29%
Roman ReloadedMattel
24%
Nip Tuckmattresses
24%
AutomaticInsane
19%

Score Distribution

Percentile by Number Answered

Percent of People with Each Score

Your Score History

You have not taken this quiz